| 000 | 01066nam a2200313 a 4500 | ||
|---|---|---|---|
| 003 | DO-SdBNP | ||
| 005 | 20260526101230.0 | ||
| 007 | ta | ||
| 008 | 090707s2001 dr 000 0 spa d d | ||
| 040 |
_aDO-SdBNP _bspa _cBNPHU _erda |
||
| 041 | _aspa | ||
| 082 | 4 |
_axxx _bxxx _222 |
|
| 100 | 1 |
_aLivio Cedeño, Víctor, _eautor _4aut. _946200 |
|
| 245 | 1 | 3 |
_aEl derecho de elecciones en República Dominicana / _c Víctor Livio Cedeño |
| 264 | 1 |
_aSanto Domingo : _bLibrería La Filantrópica, _c2001. |
|
| 300 |
_a40 páginas ; _c22 cm. _b |
||
| 336 |
_atexto _btxt _2rdacontent |
||
| 337 |
_asin mediación _bn _2rdamedia |
||
| 338 |
_avolumen _bnc _2rdacarrier |
||
| 504 | _a | ||
| 590 | _aInventariado, 2022 / DG | ||
| 610 | 1 | 0 |
_aRepública Dominicana. _b Junta Central Electoral _964605 |
| 650 | 4 |
_aElecciones _xLegislación _zRepública Dominicana _96411 |
|
| 650 | 4 |
_aElecciones _zRepública Dominicana _xHistoria _92522 |
|
| 650 | 4 |
_aDerecho constitucional _910314 |
|
| 700 | 1 |
_a Silié Gatón, José A., _d1920-2014 _9747 |
|
| 910 | _aDG | ||
| 942 |
_2ddc _cLF2 |
||
| 999 |
_c52121 _d52121 |
||